000 00930nam a2200289 i 4500
003 DO-SdBNP
005 20240726121428.0
007 ta
008 110407e2001 sp dd 000 0 spa d
020 _a9584204459 (obra completa)
040 _aDO-SdBNP
_bspa
_cBNPHU
_erda
041 _aspa
082 4 _a463
_bR288d
_222
245 1 0 _aDiccionario de la Lengua Española.
250 _aVigésima segunda edición
264 4 _aMadrid, España :
_bReal Academia Española,
_c©2001.
300 _a10 volúmenes ;
_c21 cm.
336 _2rdacontent
_atexto
_btxt
337 _2rdamedia
_asin mediación
_bn
338 _2rdacarrier
_avolumen
_bnc
500 _aLa biblioteca posee los volúmenes del 1 al 10
590 _aInventariado 2024 / BT
650 4 _aEspañol
_xDiccionarios
_912078
650 4 _aEspañol
_xEtimología
_xDiccionarios
_955196
910 _aBtavárez. Validado. Control de Calidad/MAA
942 _2ddc
_cLBS1
999 _c57326
_d57326